000 00574nab a2200169 4500
003 ES-SlBCS
005 20230517074852.0
008 150730s2015 sp ||||| |||| 00| 0 spa d
040 _aES-SlBCS
_bspa
100 1 _aSavignano, Armando
_97963
245 1 0 _aZubiri y la filosofía de la religión
_cArmando Savignano
246 1 1 _aZubiri and Philosophy of Religion
600 1 0 _aZubiri, Xavier
_d(1898-1983)
_xCrítica e interpretación
_9120105
650 0 4 _aDios
_923287
773 0 _gVol. 71, Nº 266, 2015, págs. 425-434
_tPensamiento
_wRev321
_x0031-4749
942 _2lcc
_cAR
999 _c853335
_d853335